[Event "Thüringenliga 2025/26"]
[Site "?"]
[Date "2025.09.14"]
[Round "1.1"]
[White "Sondermann, Johannes"]
[Black "Franke, Luca"]
[Result "0-1"]
[WhiteElo "1997"]
[BlackElo "2053"]
[WhiteFideId "-1"]
[BlackFideId "-1"]
[PlyCount "80"]
[GameId "2224600606587680"]
[EventDate "2025.09.14"]
[EventType "team-tourn"]
[EventRounds "9"]
[SourceTitle "Thueringer Schachbund"]
[Source "ThSB"]
[SourceDate "2025.09.14"]
[SourceVersion "1"]
[SourceVersionDate "2025.09.14"]
[SourceQuality "1"]
[WhiteTeam "Meuselwitzer SV"]
[BlackTeam "SV 1861 Liebschwitz"]

{[%evp 0,80,24,17,19,6,38,38,38,30,37,32,43,33,52,25,47,56,54,38,24,31,34,-27,3,-59,17,3,25,15,52,34,25,46,52,46,39,32,58,20,27,18,27,29,33,-42,-53,-41,-86,-90,-48,-118,-50,-171,-163,-167,-173,-236,-233,-307,-323,-319,-201,-229,-143,-149,-139,-156,-157,-257,-330,-321,-302,-380,-382,-377,-377,-402,-411,-1241,-1253,-1264,-1289]} 1. d4 Nf6 2. c4 g6 3. Nc3 Bg7 4. e4 d6 5. Nf3 O-O 6. Be2 Na6 7. Qc2 Qe8 8. a3 e5 9. d5 Nh5 10. Be3 Nf4 11. Bf1 f5 12. Nd2 c6 13. f3 Bh6 14. Nd1 g5 15. g3 Ng6 16. exf5 Bxf5 17. Ne4 cxd5 18. cxd5 Rc8 19. Qd2 Bxe4 20. fxe4 Nc5 21. Bxc5 Rxc5 22. Bh3 Qa4 23. Be6+ Kh8 24. Qd3 Qd4 25. Ke2 Rc4 26. Qxd4 exd4 27. Bf5 Ne5 28. g4 Rc2+ 29. Kf1 Nxg4 30. h3 Ne5 31. Rg1 Rf7 32. Rg2 Rfc7 33. b3 Bg7 34. Ra2 Rc1 35. Rgd2 Nf3 36. Rf2 d3 37. Rxf3 Rxd1+ 38. Kg2 Bd4 39. e5 Rg1+ 40. Kh2 Rcc1 0-1

[Event "Thüringenliga 2025/26"]
[Site "?"]
[Date "2025.09.14"]
[Round "1.2"]
[White "Zeidler, Andreas"]
[Black "Naundorf, Johannes"]
[Result "1-0"]
[WhiteElo "2008"]
[BlackElo "1949"]
[WhiteFideId "-1"]
[BlackFideId "-1"]
[PlyCount "127"]
[GameId "2224600606632737"]
[EventDate "2025.09.14"]
[EventType "team-tourn"]
[EventRounds "9"]
[SourceTitle "Thueringer Schachbund"]
[Source "ThSB"]
[SourceDate "2025.09.14"]
[SourceVersion "1"]
[SourceVersionDate "2025.09.14"]
[SourceQuality "1"]
[WhiteTeam "SV 1861 Liebschwitz"]
[BlackTeam "Meuselwitzer SV"]

{[%evp 0,107,24,17,23,23,101,43,30,52,40,51,33,15,7,-12,19,-12,-8,-9,-8,-6,-13,-10,-8,-19,-2,-29,20,-16,80,69,139,137,179,179,171,160,181,155,163,155,155,131,193,159,163,154,201,156,200,213,219,159,191,192,189,174,219,192,207,205,203,205,221,198,253,231,233,224,235,226,233,221,222,203,225,212,203,207,212,230,216,224,216,206,194,181,184,184,192,184,194,197,209,201,188,185,205,203,186,186,187,174,173,180,174,151,162,171]} 1. d4 Nf6 2. Nf3 b5 3. g3 Bb7 4. Bg2 e6 5. O-O Be7 6. a4 b4 7. c4 c5 8. e3 O-O 9. b3 Qc7 10. Nbd2 d6 11. Qc2 Nbd7 12. Bb2 Rac8 13. Rac1 Nb8 14. e4 Nc6 15. d5 Nb8 16. Bh3 e5 17. Bxc8 Bxc8 18. Nh4 g6 19. Ng2 Bh3 20. f4 Ng4 21. Rce1 f6 22. Rf3 Nd7 23. Nf1 h5 24. Qd2 Kg7 25. Nfe3 Nh6 26. fxe5 dxe5 27. Bc1 Nf7 28. Nd1 Rh8 29. Qd3 Nf8 30. Nf2 Bd7 31. h4 Bd6 32. Ne3 Nh6 33. Rf1 Be7 34. Kg2 Qd6 35. Qc2 Bc8 36. Nd3 Ng4 37. Nxg4 Bxg4 38. R3f2 Nd7 39. Rd2 Nb6 40. Nf2 Bd7 41. Qd3 Nc8 42. Re2 Qc7 43. Be3 Nd6 44. Ree1 Qc8 45. Bc1 Nf7 46. Rh1 a5 47. Qe3 Nh6 48. Ref1 Nf7 49. Nd3 Nh6 50. Qf3 Ng4 51. Be3 Qc7 52. Re1 Rf8 53. Nf2 Nxf2 54. Qxf2 Qd6 55. Qd2 Rh8 56. Ref1 Bg4 57. Rf2 Bd8 58. Rhf1 Be7 59. Kh2 Rh7 60. Bg5 fxg5 61. Rf7+ Kg8 62. Qf2 gxh4 63. gxh4 Rh8 64. Rf8+ 1-0

[Event "Thüringenliga 2025/26"]
[Site "?"]
[Date "2025.09.14"]
[Round "1.3"]
[White "Sniegowski, Richard"]
[Black "Hermannsdörfer, Frank"]
[Result "0-1"]
[WhiteElo "1897"]
[BlackElo "2066"]
[WhiteFideId "-1"]
[BlackFideId "-1"]
[PlyCount "120"]
[GameId "2224600606636834"]
[EventDate "2025.09.14"]
[EventType "team-tourn"]
[EventRounds "9"]
[SourceTitle "Thueringer Schachbund"]
[Source "ThSB"]
[SourceDate "2025.09.14"]
[SourceVersion "1"]
[SourceVersionDate "2025.09.14"]
[SourceQuality "1"]
[WhiteTeam "Meuselwitzer SV"]
[BlackTeam "SV 1861 Liebschwitz"]

{[%evp 0,120,24,24,71,67,67,68,85,78,87,88,78,61,80,39,72,24,22,24,15,-10,3,0,19,-27,-25,-4,-2,23,0,-64,-67,-84,-55,-92,-75,-73,-42,-67,-58,-54,5,13,28,28,34,36,45,38,34,36,54,30,76,67,69,74,91,65,85,69,58,55,63,53,107,14,81,-21,6,0,12,1,13,10,0,0,0,0,0,-38,6,0,0,0,1,0,0,-26,-35,-19,-24,-20,31,-21,-21,-44,-21,-22,-23,-10,-20,-44,-38,-47,-52,-45,-67,-57,-67,-105,-133,-139,-56,-79,-76,-149,-64,-41,-76,-231,-200]} 1. e4 d6 2. d4 Nf6 3. Nc3 e5 4. dxe5 dxe5 5. Qxd8+ Kxd8 6. Bc4 Ke8 7. Bd2 a6 8. a4 Nc6 9. Nge2 Be6 10. Bxe6 fxe6 11. f3 Bc5 12. a5 Rd8 13. Na4 Bb4 14. c3 Bxa5 15. Nc5 Bb6 16. Nxe6 Rd7 17. Ng5 Ke7 18. O-O-O Rhd8 19. Kc2 h6 20. Nh3 g5 21. Ng3 Kf7 22. Nf5 Kg6 23. Be3 Bxe3 24. Nxe3 h5 25. Nf2 Rxd1 26. Rxd1 Rf8 27. h3 Rf7 28. b4 Ne8 29. Nf5 Ng7 30. Nxg7 Rxg7 31. Rd5 Kf6 32. Kd2 Ke6 33. Ke3 b6 34. b5 axb5 35. Rxb5 Rd7 36. Rb1 Rd8 37. Ra1 Na5 38. Ra2 Nc4+ 39. Ke2 Nd6 40. Nd1 Nb5 41. Rc2 Ra8 42. Ne3 Ra1 43. Nd5 Ra7 44. Kd2 Na3 45. Rc1 b5 46. Ne3 c5 47. Nd5 Nc4+ 48. Kd1 Kd6 49. Rc2 Ra8 50. Ke2 Ra1 51. Ne3 Nxe3 52. Kxe3 Ra3 53. Kd2 c4 54. Ke2 Kc5 55. Kd2 b4 56. cxb4+ Kxb4 57. Rb2+ Rb3 58. Rc2 Kc5 59. Ra2 Kd4 60. Rc2 c3+ 0-1

[Event "Thüringenliga 2025/26"]
[Site "?"]
[Date "2025.09.14"]
[Round "1.4"]
[White "Kastner, Peter"]
[Black "Bellmann, Daniel"]
[Result "1-0"]
[WhiteElo "1971"]
[BlackElo "1866"]
[WhiteFideId "-1"]
[BlackFideId "-1"]
[PlyCount "113"]
[GameId "2224600606690083"]
[EventDate "2025.09.14"]
[EventType "team-tourn"]
[EventRounds "9"]
[SourceTitle "Thueringer Schachbund"]
[Source "ThSB"]
[SourceDate "2025.09.14"]
[SourceVersion "1"]
[SourceVersionDate "2025.09.14"]
[SourceQuality "1"]
[WhiteTeam "SV 1861 Liebschwitz"]
[BlackTeam "Meuselwitzer SV"]

{[%evp 0,113,24,24,72,59,58,32,32,32,28,31,40,27,33,35,28,31,36,44,33,26,14,19,36,9,33,25,44,35,48,32,60,56,54,48,49,31,76,87,59,78,74,73,123,142,112,39,54,48,104,104,112,109,117,113,125,125,125,125,151,143,151,127,142,129,142,134,137,114,145,64,21,33,0,-60,78,58,49,0,149,49,86,81,71,9,109,93,122,99,312,245,230,258,391,401,525,547,633,671,738,506,515,525,535,529,577,531,541,560,597,592,606,628,1111,690]} 1. e4 c6 2. d4 d5 3. Nc3 dxe4 4. Nxe4 Nf6 5. Nxf6+ exf6 6. c3 Bd6 7. Bd3 O-O 8. Ne2 Re8 9. O-O Nd7 10. Qc2 Nf8 11. h3 Be6 12. c4 a6 13. b3 Rc8 14. Bb2 Bb8 15. f4 Qa5 16. Bc3 Qc7 17. Rf3 Bd7 18. Qd2 Re7 19. Ba5 b6 20. Qb4 Rce8 21. Bxb6 Qc8 22. Qd2 Bf5 23. Ng3 Bxd3 24. Rxd3 Bd6 25. Rf1 Ng6 26. Bc5 Bxc5 27. dxc5 Qc7 28. Rd6 Re3 29. Kh2 Nf8 30. Rf2 h6 31. Re2 Rxe2 32. Nxe2 Ne6 33. Nd4 Nxc5 34. Rxc6 Qa7 35. Nf3 Ne4 36. Qd4 Qb8 37. g3 a5 38. Qb6 Qa8 39. h4 Nd2 40. Nd4 Kh7 41. Qc5 Qd8 42. Qd6 Qa8 43. Qd5 Nf1+ 44. Kh3 Re3 45. Nf5 Re2 46. Qxf7 Rh2+ 47. Kg4 Ne3+ 48. Nxe3 Rxh4+ 49. Kxh4 Qxc6 50. Qd5 Qe8 51. Qd3+ Kh8 52. Kh3 Qc6 53. Nd5 Qc5 54. Kg2 Qa3 55. Qe2 Qf8 56. Qe6 Kh7 57. Ne7 1-0

[Event "Thüringenliga 2025/26"]
[Site "?"]
[Date "2025.09.14"]
[Round "1.5"]
[White "Barth, Jürgen"]
[Black "Biel, Maik"]
[Result "1/2-1/2"]
[WhiteElo "1795"]
[BlackElo "1929"]
[WhiteFideId "-1"]
[BlackFideId "-1"]
[PlyCount "83"]
[GameId "2224600606702372"]
[EventDate "2025.09.14"]
[EventType "team-tourn"]
[EventRounds "9"]
[SourceTitle "Thueringer Schachbund"]
[Source "ThSB"]
[SourceDate "2025.09.14"]
[SourceVersion "1"]
[SourceVersionDate "2025.09.14"]
[SourceQuality "1"]
[WhiteTeam "Meuselwitzer SV"]
[BlackTeam "SV 1861 Liebschwitz"]

{[%evp 0,83,24,17,23,6,38,36,51,56,51,51,51,54,50,35,40,-15,3,-26,34,-22,-2,-19,7,0,5,-3,-9,-11,-11,-28,-22,-38,-16,-14,-11,-17,-17,-19,5,-19,-18,-60,-43,-63,24,43,4,0,22,-22,-20,-49,-28,-36,31,-16,-22,-22,-28,-26,-28,-43,-19,-36,-6,-24,-22,-21,0,-14,-17,-26,-5,-17,-16,-32,-21,-30,-22,-26,-24,-36,-23,-24]} 1. d4 Nf6 2. c4 g6 3. Nc3 d5 4. cxd5 Nxd5 5. e4 Nxc3 6. bxc3 c5 7. Bb5+ Bd7 8. Qa4 Bg7 9. Ne2 O-O 10. Bxd7 Nxd7 11. O-O a6 12. Be3 b5 13. Qa3 cxd4 14. cxd4 Nb6 15. Rad1 Qd7 16. Qb3 Nc4 17. d5 Nxe3 18. Qxe3 Rac8 19. Rc1 b4 20. Rxc8 Rxc8 21. Nd4 Rc3 22. Qd2 Qa7 23. Nc6 Qc5 24. Qf4 a5 25. Qc7 Bf8 26. Qxa5 Qxa5 27. Nxa5 e6 28. Nb3 exd5 29. exd5 Rd3 30. Rc1 Rxd5 31. Kf1 Kg7 32. Ke2 Bd6 33. Rd1 Re5+ 34. Kf3 Be7 35. g3 Re6 36. Rd2 Kf6 37. h3 Rc6 38. Ke2 Bd6 39. Na5 Ra6 40. Nc4 Bc5 41. Ne3 Re6 42. Kf3 1/2-1/2

[Event "Thüringenliga 2025/26"]
[Site "?"]
[Date "2025.09.14"]
[Round "1.6"]
[White "Reiher, Klaus"]
[Black "Ignatova, Gabriela"]
[Result "1-0"]
[WhiteElo "1680"]
[BlackElo "1700"]
[WhiteFideId "-1"]
[BlackFideId "-1"]
[PlyCount "103"]
[GameId "2224600606706469"]
[EventDate "2025.09.14"]
[EventType "team-tourn"]
[EventRounds "9"]
[SourceTitle "Thueringer Schachbund"]
[Source "ThSB"]
[SourceDate "2025.09.14"]
[SourceVersion "1"]
[SourceVersionDate "2025.09.14"]
[SourceQuality "1"]
[WhiteTeam "SV 1861 Liebschwitz"]
[BlackTeam "Meuselwitzer SV"]

{[%evp 0,103,24,17,23,17,17,30,45,30,24,-10,12,11,21,11,39,46,49,47,47,48,50,38,71,66,133,66,111,81,67,30,20,6,184,81,83,66,95,86,123,131,138,125,330,214,304,185,321,262,503,497,390,487,543,798,857,459,401,399,398,307,354,366,377,374,396,396,411,315,374,401,483,401,419,425,448,320,339,340,386,390,414,346,345,345,351,351,360,359,363,363,633,400,374,374,365,461,556,574,589,597,666,751,749,794]} 1. d4 Nf6 2. Bf4 d5 3. e3 c5 4. c3 Nc6 5. Bd3 Qb6 6. b3 e6 7. Nf3 Bd7 8. O-O Be7 9. Nbd2 O-O 10. h3 Rfe8 11. Re1 Bf8 12. Ne5 Rad8 13. Rc1 Bc8 14. Bg5 Be7 15. Bxf6 Bxf6 16. Bxh7+ Kf8 17. Nxc6 bxc6 18. Bb1 Ba6 19. Qg4 Qa5 20. Nf3 Rc8 21. e4 cxd4 22. e5 Be7 23. cxd4 Qa3 24. Qh5 Bb4 25. Ng5 Rc7 26. Rxc6 Rb7 27. Rec1 Bd2 28. Rc7 Qxc1+ 29. Rxc1 Bxc1 30. Qh8+ Ke7 31. Qxg7 Bxg5 32. Qxg5+ Kd7 33. h4 Rc7 34. Bh7 Kc6 35. h5 Ree7 36. Qf6 Kb7 37. h6 Re8 38. Bg8 Rxg8 39. h7 Rc1+ 40. Kh2 Rgc8 41. h8=Q Rxh8+ 42. Qxh8 Bd3 43. Qf8 Bg6 44. f3 Rc2 45. a4 Rb2 46. b4 Rc2 47. Qe8 a6 48. b5 a5 49. Qd7+ Rc7 50. Qd6 Bc2 51. Qa6+ Kb8 52. b6 1-0

[Event "Thüringenliga 2025/26"]
[Site "?"]
[Date "2025.09.14"]
[Round "1.7"]
[White "Scheiding, Sophia"]
[Black "Meissner, Steffen"]
[Result "0-1"]
[WhiteElo "1687"]
[BlackElo "1790"]
[WhiteFideId "-1"]
[BlackFideId "-1"]
[PlyCount "110"]
[GameId "2224600606829350"]
[EventDate "2025.09.14"]
[EventType "team-tourn"]
[EventRounds "9"]
[SourceTitle "Thueringer Schachbund"]
[Source "ThSB"]
[SourceDate "2025.09.14"]
[SourceVersion "1"]
[SourceVersionDate "2025.09.14"]
[SourceQuality "1"]
[WhiteTeam "Meuselwitzer SV"]
[BlackTeam "SV 1861 Liebschwitz"]

{[%evp 0,110,24,24,44,8,11,-22,-15,-13,-1,15,37,17,33,23,110,10,114,52,44,44,77,77,87,85,69,77,81,52,55,31,84,53,62,62,83,24,15,19,42,19,44,3,-16,-29,0,-24,11,-13,-10,-50,-36,-36,-32,-34,-40,-36,-59,-74,-29,-58,-62,-65,-37,-38,-33,-62,-30,-37,-18,-14,-15,-37,-12,0,22,-93,-59,-113,-114,-128,-129,-130,-131,-131,-128,-129,-137,-195,-204,-213,-217,-223,-223,-211,-182,-198,-209,-343,-343,-376,-350,-347,-339,-372,-392,-392,-339,-417,-435,-447,-409]} 1. e4 c5 2. c3 d5 3. exd5 Qxd5 4. Nf3 Nf6 5. Na3 e6 6. d4 Be7 7. Nb5 Qd8 8. Bf4 Na6 9. Bd3 O-O 10. O-O cxd4 11. Nbxd4 Nc5 12. Bc2 Nd5 13. Bg3 Bf6 14. Ne5 g6 15. Nc4 a6 16. Qd2 Nb6 17. Nxb6 Qxb6 18. Nb3 Nxb3 19. Bxb3 Rd8 20. Qf4 e5 21. Qf3 Bf5 22. Rfe1 e4 23. Qf4 Re8 24. Kf1 Be5 25. Qh4 Bxg3 26. Qxg3 Be6 27. Bxe6 Rxe6 28. b3 Rd8 29. Qh4 Rde8 30. Re3 Qd6 31. Rae1 Qd5 32. Kg1 b5 33. h3 Qc6 34. Qg4 h5 35. Qf4 Kg7 36. g4 hxg4 37. hxg4 Qd5 38. g5 Re5 39. Qf6+ Kg8 40. f4 R8e6 41. fxe5 Rxf6 42. gxf6 Qxe5 43. Rxe4 Qg5+ 44. Kh2 Qxf6 45. R1e3 Qf2+ 46. Kh3 Qxa2 47. b4 a5 48. Re8+ Kg7 49. Ra8 a4 50. Ra5 Qf2 51. Rg3 Kh6 52. Rg2 Qf5+ 53. Kh2 Qe5+ 54. Rg3 g5 55. Ra6+ f6 0-1

[Event "Thüringenliga 2025/26"]
[Site "?"]
[Date "2025.09.14"]
[Round "1.8"]
[White "Nurka, Mario"]
[Black "Schmidt, Jens"]
[Result "1/2-1/2"]
[WhiteElo "1700"]
[BlackElo "1724"]
[WhiteFideId "-1"]
[BlackFideId "-1"]
[PlyCount "128"]
[GameId "2224600606837543"]
[EventDate "2025.09.14"]
[EventType "team-tourn"]
[EventRounds "9"]
[SourceTitle "Thueringer Schachbund"]
[Source "ThSB"]
[SourceDate "2025.09.14"]
[SourceVersion "1"]
[SourceVersionDate "2025.09.14"]
[SourceQuality "1"]
[WhiteTeam "SV 1861 Liebschwitz"]
[BlackTeam "Meuselwitzer SV"]

{[%evp 0,124,24,17,17,1,29,11,25,33,26,26,15,8,8,-1,5,-6,-6,-5,-12,-15,-23,-24,-4,-17,5,-10,-3,20,22,22,46,30,126,144,121,32,31,27,37,23,23,17,29,35,58,50,64,59,59,49,49,51,48,49,45,47,66,57,60,58,56,34,47,47,51,32,45,48,48,51,50,59,87,78,79,85,74,56,49,51,76,74,68,62,62,40,31,35,99,111,111,111,137,116,113,117,105,105,105,105,105,105,105,105,105,105,105,70,87,87,77,86,82,80,80,77,57,58,95,97,94,88,91,51,64]} 1. d4 d5 2. c4 c6 3. cxd5 cxd5 4. Nc3 Nc6 5. Nf3 Nf6 6. e3 a6 7. Ne5 e6 8. Nxc6 bxc6 9. Bd3 c5 10. dxc5 Bxc5 11. b4 Be7 12. O-O O-O 13. a3 Bb7 14. Bb2 Rc8 15. Qe2 Qb6 16. Rac1 Rfd8 17. Na4 Qa7 18. Bxf6 Bxf6 19. Nc5 Ra8 20. Nxb7 Qxb7 21. Rc2 a5 22. b5 Rdc8 23. Rfc1 Rxc2 24. Qxc2 g6 25. Qc7 Qxc7 26. Rxc7 Rb8 27. a4 Bd8 28. Rc6 Bb6 29. Kf1 Kg7 30. Ke2 Kf6 31. e4 dxe4 32. Bxe4 Ke5 33. Bd3 h5 34. g3 g5 35. h4 gxh4 36. f4+ Kf6 37. gxh4 Kg7 38. Kf3 Bd8 39. Kg3 Rb6 40. Rc5 f5 41. Be2 Kg6 42. Bf3 Rd6 43. Rc6 Rxc6 44. Bxc6 Bc7 45. Be8+ Kh6 46. Kf3 Bb6 47. Bf7 Bd8 48. Bxe6 Kg6 49. Kg3 Bc7 50. Bd7 Bd8 51. Be8+ Kh6 52. Bf7 Bc7 53. Kf3 Bd8 54. Ke3 Bxh4 55. Kd4 Bd8 56. Ke5 h4 57. Kxf5 h3 58. Kg4 h2 59. Bd5 Kg6 60. Be4+ Kf6 61. Kg3 Bc7 62. b6 Bxb6 63. Kxh2 Bc5 64. Kg3 Bb4 1/2-1/2

[Event "Landesklasse Ost 2025/26"]
[Site "?"]
[Date "2025.09.14"]
[Round "1.1"]
[White "Tobal, Elias"]
[Black "Koksch, Robert"]
[Result "1-0"]
[WhiteElo "1950"]
[BlackElo "1885"]
[WhiteFideId "-1"]
[BlackFideId "-1"]
[PlyCount "87"]
[GameId "542856874613"]
[EventDate "2025.09.14"]
[EventType "team-tourn"]
[EventRounds "9"]
[SourceTitle "Thueringer Schachbund"]
[Source "ThSB"]
[SourceDate "2025.09.14"]
[SourceVersion "1"]
[SourceVersionDate "2025.09.14"]
[SourceQuality "1"]
[WhiteTeam "SC Turm Erfurt"]
[BlackTeam "ESV Lok Sömmerda"]

1. d4 d5 2. c4 c6 3. Nc3 Nf6 4. Nf3 dxc4 5. e4 b5 6. e5 Nd5 7. a4 e6 8. Ng5 Qc7 9. Qh5 h6 10. Nge4 b4 11. Nb1 a5 12. Nbd2 Nf4 13. Qf3 Nd3+ 14. Bxd3 cxd3 15. Nc4 Ba6 16. Ncd6+ Bxd6 17. Nxd6+ Kf8 18. Bd2 Ra7 19. Rc1 Qd7 20. O-O Kg8 21. Rc5 Qd8 22. Bf4 g6 23. Qe3 Kg7 24. Bg3 Bb7 25. Rfc1 Nd7 26. Nxb7 Rxb7 27. Rxc6 Nb6 28. Qxd3 Nxa4 29. h4 Qd5 30. Rd6 Qa2 31. Qf3 Ra7 32. h5 Qxb2 33. Rf1 Qc2 34. hxg6 Qxg6 35. d5 Nc3 36. Re1 Nxd5 37. Re4 h5 38. Bh4 Rg8 39. Rd4 a4 40. R4xd5 exd5 41. Rxg6+ fxg6 42. e6 Rf8 43. Qxd5 Kh7 44. e7 1-0

[Event "Landesklasse Ost 2025/26"]
[Site "?"]
[Date "2025.09.14"]
[Round "1.2"]
[White "Kalisch, Michael"]
[Black "McLeod, Andrew"]
[Result "1-0"]
[WhiteElo "2085"]
[BlackElo "1919"]
[WhiteFideId "-1"]
[BlackFideId "-1"]
[PlyCount "169"]
[GameId "542858713916"]
[EventDate "2025.09.14"]
[EventType "team-tourn"]
[EventRounds "9"]
[SourceTitle "Thueringer Schachbund"]
[Source "ThSB"]
[SourceDate "2025.09.14"]
[SourceVersion "1"]
[SourceVersionDate "2025.09.14"]
[SourceQuality "1"]
[WhiteTeam "ESV Lok Sömmerda"]
[BlackTeam "SC Turm Erfurt"]

1. d4 Nf6 2. Bf4 d5 3. e3 c5 4. c3 Nc6 5. Nd2 Bf5 6. Qb3 Qd7 7. Ngf3 c4 8. Qd1 e6 9. Ne5 Nxe5 10. Bxe5 Bd6 11. Bxf6 gxf6 12. e4 Bg6 13. Qf3 Be7 14. g3 dxe4 15. Nxe4 Bxe4 16. Qxe4 Qd5 17. Qxd5 exd5 18. b3 O-O 19. Bg2 cxb3 20. axb3 Rac8 21. Kd2 Rc7 22. Bxd5 Rd8 23. c4 Bb4+ 24. Kd3 a5 25. h4 Kg7 26. h5 h6 27. Rh4 f5 28. Rf4 Rd6 29. Rxf5 Rf6 30. Rxf6 Kxf6 31. Ra2 b6 32. Re2 Rd7 33. Re3 b5 34. Rf3+ Kg7 35. Rf5 bxc4+ 36. bxc4 Re7 37. c5 Rc7 38. Bb3 Ra7 39. Ba4 Re7 40. Bb3 Ra7 41. Kc4 f6 42. Rd5 Be1 43. c6 a4 44. Ba2 Kf8 45. Rb5 Bxf2 46. g4 Bg3 47. Kd5 Ke7 48. Ke4 Bc7 49. Kf5 Ra5 50. Rxa5 Bxa5 51. Kg6 Bd2 52. d5 Kd6 53. Kxf6 Bg5+ 54. Kf5 Bd2 55. Ke4 a3 56. Kd3 Bf4 57. Kc4 Be3 58. Kb4 Bc1 59. Kb5 Be3 60. Ka6 Kc7 61. Bb1 Bd4 62. Kb5 Kd6 63. Kb4 Bb2 64. Ba2 Bc1 65. Ka4 Bb2 66. Kb4 Bc1 67. Kb5 Be3 68. Bb1 Bd4 69. Kb4 Bb2 70. Ka5 Bd4 71. Ba2 Be3 72. Ka4 Bc1 73. Kb3 Bb2 74. Kc2 Kc7 75. g5 hxg5 76. Kd3 Kd6 77. Ke4 g4 78. Kf4 Be5+ 79. Kxg4 Ke7 80. Kf5 Bd6 81. Kg6 Be5 82. h6 Bd6 83. h7 Be5 84. c7 Kd7 85. d6 1-0

[Event "Landesklasse Ost 2025/26"]
[Site "?"]
[Date "2025.09.14"]
[Round "1.3"]
[White "Strohner, Maximilian"]
[Black "Kühn, Martin"]
[Result "0-1"]
[WhiteElo "1762"]
[BlackElo "2025"]
[WhiteFideId "-1"]
[BlackFideId "-1"]
[PlyCount "44"]
[GameId "543032622163"]
[EventDate "2025.09.14"]
[EventType "team-tourn"]
[EventRounds "9"]
[SourceTitle "Thueringer Schachbund"]
[Source "ThSB"]
[SourceDate "2025.09.14"]
[SourceVersion "1"]
[SourceVersionDate "2025.09.14"]
[SourceQuality "1"]
[WhiteTeam "SC Turm Erfurt"]
[BlackTeam "ESV Lok Sömmerda"]

1. e4 e6 2. b3 d5 3. Bb2 Nf6 4. e5 Nfd7 5. f4 Be7 6. Qg4 O-O 7. Nf3 Nc5 8. b4 Na4 9. Ba3 a5 10. b5 Bxa3 11. Nxa3 f6 12. Bd3 Nb2 13. O-O Qe7 14. Bxh7+ Kxh7 15. Qh4+ Kg8 16. Ng5 fxg5 17. fxg5 Rf5 18. Rxf5 exf5 19. Qh5 Nd7 20. g6 Nf8 21. Rf1 Qxe5 22. g4 Qd4+ 0-1

[Event "Landesklasse Ost 2025/26"]
[Site "?"]
[Date "2025.09.14"]
[Round "1.4"]
[White "Weber, Jakob"]
[Black "Schade, Holger"]
[Result "1-0"]
[WhiteElo "1581"]
[BlackElo "1766"]
[WhiteFideId "-1"]
[BlackFideId "-1"]
[PlyCount "115"]
[GameId "543033254324"]
[EventDate "2025.09.14"]
[EventType "team-tourn"]
[EventRounds "9"]
[SourceTitle "Thueringer Schachbund"]
[Source "ThSB"]
[SourceDate "2025.09.14"]
[SourceVersion "1"]
[SourceVersionDate "2025.09.14"]
[SourceQuality "1"]
[WhiteTeam "ESV Lok Sömmerda"]
[BlackTeam "SC Turm Erfurt"]

1. d4 d5 2. Bf4 Nf6 3. e3 c5 4. c3 Nc6 5. Nd2 Bf5 6. Qb3 Qb6 7. dxc5 Qxb3 8. Nxb3 e5 9. Bg3 Nd7 10. Rd1 Be6 11. Nf3 f6 12. Be2 Nxc5 13. O-O Ne4 14. Ne1 Be7 15. Nc2 O-O 16. f3 Nxg3 17. hxg3 Rfd8 18. Kf2 a5 19. Rd2 a4 20. Nc1 Na5 21. Rfd1 Rdc8 22. Nb4 Bxb4 23. cxb4 Nc4 24. Bxc4 Rxc4 25. a3 Rac8 26. Ne2 Rc2 27. Nc3 Rxd2+ 28. Rxd2 d4 29. exd4 exd4 30. Nxa4 Rd8 31. Nc5 Bc8 32. Nb3 d3 33. Nc1 Bf5 34. g4 Bg6 35. f4 Be4 36. g3 g6 37. Na2 f5 38. Nc3 Re8 39. Nxe4 fxe4 40. Ke3 Kf7 41. b3 Re6 42. a4 Ke7 43. Rh2 Rd6 44. Rxh7+ Ke6 45. Rh2 Kf6 46. Rd2 Re6 47. b5 Ke7 48. f5 gxf5 49. gxf5 Re5 50. g4 Kf6 51. Rf2 Rd5 52. g5+ Kxg5 53. f6 d2 54. Rxd2 Rxd2 55. Kxd2 Kxf6 56. a5 Ke5 57. a6 bxa6 58. bxa6 1-0

[Event "Landesklasse Ost 2025/26"]
[Site "?"]
[Date "2025.09.14"]
[Round "1.5"]
[White "Stöcklein, Paul"]
[Black "Kühn, Helmut"]
[Result "1-0"]
[WhiteElo "1749"]
[BlackElo "1516"]
[WhiteFideId "-1"]
[BlackFideId "-1"]
[PlyCount "49"]
[GameId "543035921479"]
[EventDate "2025.09.14"]
[EventType "team-tourn"]
[EventRounds "9"]
[SourceTitle "Thueringer Schachbund"]
[Source "ThSB"]
[SourceDate "2025.09.14"]
[SourceVersion "1"]
[SourceVersionDate "2025.09.14"]
[SourceQuality "1"]
[WhiteTeam "SC Turm Erfurt"]
[BlackTeam "ESV Lok Sömmerda"]

1. e4 e6 2. d4 d5 3. Nc3 c5 4. Nf3 Nc6 5. exd5 exd5 6. Bb5 Be6 7. O-O a6 8. Bxc6+ bxc6 9. Re1 Ne7 10. dxc5 Ng6 11. Nd4 Qd7 12. Qg4 Bxc5 13. Nxe6 fxe6 14. Rxe6+ Kd8 15. Bg5+ Be7 16. Rae1 Re8 17. Qb4 Kc8 18. Bxe7 Rb8 19. Qc5 Rb7 20. Rxc6+ Rc7 21. Rxc7+ Qxc7 22. Qxc7+ Kxc7 23. Bd6+ Kd7 24. Rxe8 Kxe8 25. Nxd5 1-0

[Event "Landesklasse Ost 2025/26"]
[Site "?"]
[Date "2025.09.14"]
[Round "1.6"]
[White "Schrödter, Sascha"]
[Black "Müller, Winfried"]
[Result "1-0"]
[WhiteElo "1337"]
[BlackElo "1631"]
[WhiteFideId "-1"]
[BlackFideId "-1"]
[PlyCount "89"]
[GameId "543037099320"]
[EventDate "2025.09.14"]
[EventType "team-tourn"]
[EventRounds "9"]
[SourceTitle "Thueringer Schachbund"]
[Source "ThSB"]
[SourceDate "2025.09.14"]
[SourceVersion "1"]
[SourceVersionDate "2025.09.14"]
[SourceQuality "1"]
[WhiteTeam "ESV Lok Sömmerda"]
[BlackTeam "SC Turm Erfurt"]

1. e4 e5 2. Nf3 Nc6 3. Bc4 Bc5 4. d4 Bxd4 5. Nxd4 Nxd4 6. Nc3 Nf6 7. Bg5 h6 8. Bh4 O-O 9. Nd5 g5 10. Nxf6+ Qxf6 11. Bg3 d6 12. c3 Ne6 13. h4 Qg6 14. Qf3 g4 15. Qf5 Nf4 16. Qxg6+ Nxg6 17. O-O-O Be6 18. Bd5 Rab8 19. h5 Ne7 20. f4 gxf3 21. gxf3 Bxd5 22. exd5 Nf5 23. Bf2 Kh7 24. Rdg1 Rg8 25. Rg4 Rxg4 26. fxg4 Ne7 27. c4 a6 28. Bh4 Re8 29. Rf1 Kg8 30. Rf6 Kg7 31. g5 Ng8 32. gxh6+ Nxh6 33. Bg5 Rh8 34. Rf1 Ng8 35. Bd8 Rxh5 36. Bxc7 Rh6 37. c5 dxc5 38. d6 Ne7 39. dxe7 Re6 40. Bd6 f6 41. Bxc5 Kf7 42. Kd2 Ke8 43. Rh1 b6 44. Rh8+ Kd7 45. Rd8+ 1-0